ARC-EN-CIEL : (Registro nro. 11887)

Detalles MARC
000 -LEADER
fixed length control field 00770nam a22002417a 4500
001 - CONTROL NUMBER
control field 0011755
003 - CONTROL NUMBER IDENTIFIER
control field DO-SdBNP
005 - DATE AND TIME OF LATEST TRANSACTION
control field 20180208130803.0
007 - PHYSICAL DESCRIPTION FIXED FIELD--GENERAL INFORMATION
fixed length control field 0011755
008 - FIXED-LENGTH DATA ELEMENTS--GENERAL INFORMATION
fixed length control field 161110b 1984 sp ||||| |||| 00| 0 spa d
020 ## - INTERNATIONAL STANDARD BOOK NUMBER
International Standard Book Number 8429423036
040 ## - CATALOGING SOURCE
Original cataloging agency BPMSU
Language of cataloging spa
Transcribing agency BPMSU
245 ## - TITLE STATEMENT
Title ARC-EN-CIEL :
Remainder of title lecturas programada. Francés 7o. EGB / Antonio Ramos director ; colaboradores Josefa Pérez Dorado, Pilar Peña, Marina Seoane.
260 ## - PUBLICATION, DISTRIBUTION, ETC. (IMPRINT)
Place of publication, distribution, etc. Madrid :
Name of publisher, distributor, etc. Santillana,
Date of publication, distribution, etc. 1984.
300 ## - PHYSICAL DESCRIPTION
Extent 64 p. :
Other physical details il.,
Dimensions 19 cm.
700 12 - ADDED ENTRY--PERSONAL NAME
Personal name Ramos, Antonio,
Relator term dir.
700 12 - ADDED ENTRY--PERSONAL NAME
Personal name Pérez Dorado, Josefa,
Relator term col.
700 1# - ADDED ENTRY--PERSONAL NAME
Personal name Peña, Pilar,
Relator term col.
700 1# - ADDED ENTRY--PERSONAL NAME
Personal name Seoane, Marina,
Relator term col.
942 ## - ADDED ENTRY ELEMENTS (KOHA)
Source of classification or shelving scheme Dewey Decimal Classification
Koha item type Libros
945 ## - LOCAL PROCESSING INFORMATION (OCLC)
a Inventariado, 2018 /LP
956 ## - LOCAL ELECTRONIC LOCATION AND ACCESS (OCLC)
Host name BTAVÁREZ
Access number 10
Compression information 20161110
Path 0011755
Existencias
Withdrawn status Lost status Source of classification or shelving scheme Damaged status Not for loan Collection code Home library Current library Date acquired Source of acquisition Total Checkouts Barcode Date last seen Price effective from Koha item type Copy number
    Dewey Decimal Classification     Colección Infantil General Biblioteca Pública Metropolitana Salomé Ureña Biblioteca Pública Metropolitana Salomé Ureña 11/10/2016 Fundi   BPMSU16111164 11/10/2016 11/10/2016 Libros  
    Dewey Decimal Classification     Colección Infantil General Biblioteca Pública Metropolitana Salomé Ureña Biblioteca Pública Metropolitana Salomé Ureña 11/10/2016 Fundi   BPMSU16111165 11/10/2016 11/10/2016 Libros ej. 2